| 000 | 00000nam 2200000za 4500 |
| 001 | 9.822526 |
| 003 | CaOODSP |
| 005 | 20221107143710 |
| 007 | cr ||||||||||| |
| 008 | 160812s1993 onc|||||o f|0| 0 fre d |
| 040 | |aCaOODSP|bfre |
| 043 | |an-cn--- |
| 086 | 1 |aE100-2/2-92-1904-02F-PDF |
| 110 | 1 |aCanada.|bSecrétariat binational. |
| 245 | 10|aEn l'affaire du bois d'oeuvre originaire du Canada |h[ressource électronique] : |bavis du Groupe spécial chargé d'examiner la décision finale de la Commission du commerce international des États-Unis. |
| 246 | 1 |iEn tête du titre : |aArticle 1904 de l'Accord de libre-échange Canada-États-Unis examiné par un Groupe spécial binational |
| 246 | 30|aBois d'oeuvre originaire du Canada |
| 260 | |a[Ottawa] : |b[Secrétariat binational, Accord de libre-échange Canada et États-Unis], |c[1993]. |
| 300 | |aEn pagination multiple. |
| 500 | |aLe 26 juillett 1993. |
| 500 | |aPublié aussi en anglais sous le titre : In the matter of softwood lumber from Canada : Decision of the panel. Reviewing the final determination of the U.S. International Trade Commission. |
| 504 | |aComprend des références bibliographiques. |
| 692 | 07|2gccst|aIndustrie du bois d'oeuvre |
| 692 | 07|2gccst|aLibre-échange |
| 692 | 07|2gccst|aCommerce extérieur |
| 775 | 08|tIn the matter of softwood lumber from Canada |w(CaOODSP)9.822522 |
| 856 | 40|qPDF|s14.72 Mo|uhttps://publications.gc.ca/collections/collection_2016/alena-sec-nafta/E100-2-2-92-1904-02-fra.pdf |
| 986 | |aUSA-92-1904-02 |